000 00953nam a2200205Ia 4500
999 _c37766
_d37766
001 3743
003 GE_BSU
005 20190809174555.0
008 181216s1981||||ge |||||||||||||| ||geo||
040 _cGE_BSU
041 _ageo
080 _a070(479.223) მ-97
100 _aმშვიდობაძე, მიხეილ
_93502
245 _aდიადი განთიადის წინ :
_b(აჭარის რევოლუციური მოძრაობის ასახვა გაზეთ "კომუნისტის" ფურცლებზე 1920 წელს) /
_cრედ. ლ. ბეჟანიძე.
264 _aბათუმი :
_bსაბჭოთა აჭარა,
_c1981.
300 _a94 გვ. ;
_b20 სმ.
653 _aრევოლუციური მოძრაობა აჭარაში
653 _a"კომუნისტი", გაზეთი
942 _cBK
_2udc